Normal view
MARC view
Entry Personal Name
001 - CONTROL NUMBER
- control field: 1237930
003 - CONTROL NUMBER IDENTIFIER
- control field: OSt
005 - DATE AND TIME OF LATEST TRANSACTION
- control field: 20260430150603.0
008 - FIXED-LENGTH DATA ELEMENTS
- fixed length control field: 260430|| aca||aabn | a|a d
040 ## - CATALOGING SOURCE
- Original cataloging agency: OSt
- Transcribing agency: OSt
100 ## - HEADING--PERSONAL NAME
- Personal name: Arti Au.; Verma Vivek Kumar Gu
670 ## - SOURCE DATA FOUND
- Source citation: Work cat.: (OSt)1850145: Arti Au.; Verma Vivek Kumar Gu., Investigation of Ferroelectric and Optical Properties of Bismuth Ferrites for Photovoltaic and Photocatalytic Applications, 2024
